000 01420cam a22003854a 4500
001 4234629
003 ARRUPE
005 20160223110419.0
008 030513s2003 nyu b 001 0 eng
010 _a 2003049892
020 _a0312203349
035 _a(OCoLC)ocm52341672
035 _a(NNC)4234629
040 _aDLC
_cDLC
_dYDX
041 1 _aeng
_hfre
042 _apcc
050 0 0 _aB2430.F723
_bA613 2003
082 0 0 _a194
_221
100 1 _aFoucault, Michel,
_d1926-1984.
_922389
240 1 0 _aAnormaux.
_lEnglish
245 1 0 _aAbnormal :
_blectures at the Collège de France, 1974-1975 /
_cMichel Foucault ; edited by Valerio Marchetti and Antonella Salomoni ; general editors, François Ewald and Alessandro Fontana ; English series editor, Arnold I. Davidson ; translated by Graham Burchell.
250 _a1st Picador ed.
260 _aNew York :
_bPicador,
_c2003.
300 _axxvi, 374 p. ;
_c22 cm.
504 _aIncludes bibliographical references and indexes.
650 0 _aAbnormalities, Human
_xSocial aspects
_xHistory.
_922390
650 0 _aPhilosophical anthropology
_xHistory.
_9326
650 0 _aPower (Social sciences)
_xHistory.
_922391
700 1 _aMarchetti, Valerio,
_d1939-
_922392
700 1 _aSalomoni, Antonella.
_922393
700 1 _aDavidson, Arnold I.
_q(Arnold Ira),
_d1955-
_922394
942 _2lcc
_cMONOGRAPH
948 1 _a20100920
_bc
_cjeb52
_dMPS
999 _c124205
_d124205